<?xml version="1.0" encoding="UTF-8"?>
<collection xmlns="http://www.loc.gov/MARC21/slim">
 <record>
  <leader>01317nam a22002177a 4500</leader>
  <controlfield tag="001">NCT_30198</controlfield>
  <controlfield tag="008">180416b        xxu||||| |||| 00| 0 vie d</controlfield>
  <datafield tag="999" ind1=" " ind2=" ">
   <subfield code="c">1453</subfield>
   <subfield code="d">1453</subfield>
  </datafield>
  <datafield tag="020" ind1=" " ind2=" ">
   <subfield code="a">9786046606093</subfield>
   <subfield code="c">181000</subfield>
  </datafield>
  <datafield tag="082" ind1="0" ind2="4">
   <subfield code="2">23rd ed.</subfield>
   <subfield code="a">615.1</subfield>
   <subfield code="b">W551</subfield>
  </datafield>
  <datafield tag="245" ind1="0" ind2="0">
   <subfield code="a">Danh mục mẫu thuốc khuyến nghị cho trẻ em của tổ chức y tế thế giới</subfield>
   <subfield code="b">: Dựa trên danh mục mẫu lần 2 về thuốc thiết yếu cho trẻ em, năm 2014</subfield>
   <subfield code="c">WHO - 2010</subfield>
  </datafield>
  <datafield tag="260" ind1=" " ind2=" ">
   <subfield code="a">H.</subfield>
   <subfield code="b">Y học</subfield>
   <subfield code="c">2014</subfield>
  </datafield>
  <datafield tag="300" ind1=" " ind2=" ">
   <subfield code="a">563 tr.</subfield>
   <subfield code="c">24cm</subfield>
  </datafield>
  <datafield tag="520" ind1="3" ind2=" ">
   <subfield code="a">Sách mô tả những gì đã biết về thuốc điều trị và nêu bật những lĩnh vực cần nghiên cứu thêm.</subfield>
  </datafield>
  <datafield tag="653" ind1=" " ind2=" ">
   <subfield code="a">Y đa khoa</subfield>
  </datafield>
  <datafield tag="653" ind1=" " ind2=" ">
   <subfield code="a">Dược học</subfield>
  </datafield>
  <datafield tag="942" ind1=" " ind2=" ">
   <subfield code="2">ddc</subfield>
   <subfield code="c">BK</subfield>
  </datafield>
  <datafield tag="952" ind1=" " ind2=" ">
   <subfield code="0">0</subfield>
   <subfield code="1">0</subfield>
   <subfield code="2">ddc</subfield>
   <subfield code="4">0</subfield>
   <subfield code="6">615_100000000000000_W551</subfield>
   <subfield code="7">0</subfield>
   <subfield code="9">7006</subfield>
   <subfield code="a">000001</subfield>
   <subfield code="b">000001</subfield>
   <subfield code="d">2018-04-16</subfield>
   <subfield code="l">1</subfield>
   <subfield code="o">615.1 W551</subfield>
   <subfield code="p">MD.11070</subfield>
   <subfield code="r">2018-09-18</subfield>
   <subfield code="s">2018-08-28</subfield>
   <subfield code="v">181000.00</subfield>
   <subfield code="w">2018-04-16</subfield>
   <subfield code="y">BK</subfield>
  </datafield>
  <datafield tag="952" ind1=" " ind2=" ">
   <subfield code="0">0</subfield>
   <subfield code="1">0</subfield>
   <subfield code="2">ddc</subfield>
   <subfield code="4">0</subfield>
   <subfield code="6">615_100000000000000_W551</subfield>
   <subfield code="7">0</subfield>
   <subfield code="9">7007</subfield>
   <subfield code="a">000001</subfield>
   <subfield code="b">000001</subfield>
   <subfield code="d">2018-04-16</subfield>
   <subfield code="o">615.1 W551</subfield>
   <subfield code="p">MD.11071</subfield>
   <subfield code="r">2018-04-16</subfield>
   <subfield code="v">181000.00</subfield>
   <subfield code="w">2018-04-16</subfield>
   <subfield code="y">BK</subfield>
  </datafield>
  <datafield tag="952" ind1=" " ind2=" ">
   <subfield code="0">0</subfield>
   <subfield code="1">0</subfield>
   <subfield code="2">ddc</subfield>
   <subfield code="4">0</subfield>
   <subfield code="6">615_100000000000000_W551</subfield>
   <subfield code="7">0</subfield>
   <subfield code="9">7008</subfield>
   <subfield code="a">000001</subfield>
   <subfield code="b">000001</subfield>
   <subfield code="d">2018-04-16</subfield>
   <subfield code="o">615.1 W551</subfield>
   <subfield code="p">MD.11571</subfield>
   <subfield code="r">2018-04-16</subfield>
   <subfield code="v">181000.00</subfield>
   <subfield code="w">2018-04-16</subfield>
   <subfield code="y">BK</subfield>
  </datafield>
  <datafield tag="980" ind1=" " ind2=" ">
   <subfield code="a">Thư viện Trường Đại học Nam Cần Thơ</subfield>
  </datafield>
 </record>
</collection>
